000 02096nam0a22003371 4500
001 rc\213559
005 20250620234152.0
010 _a5-300-00034-5
_bИзд. центр "Терра"
_910000
035 _a(NLR Aleph) 005462827
090 _a4971926
_c4971926
100 _a20030307d1995 |||y0rusy50 ca
101 0 _arus
102 _aRU
105 _aa |||||||||
200 1 _aДурная компания
_e[Сборник]
_fЮр. Юркин
_g[Вступ. ст. В.К. Кондратьева
_gСост., подгот. текста и примеч. П.В. Дмитриева, Г.А. Морева
_gХудож. А. Ноздрин]
210 _a[М.]
_cИзд. центр "Терра"
_aСПб.
_cАзбука
_d1995
215 _a508, [1] с.
_cил.
_d22
225 1 _aГалерея
327 1 _aСодерж.: Шведские перчатки: Роман; Дурная компания; Клуб благотворительных скелетов; Рассказы, написанные на Кирочной ул., в доме под № 48; Несобранная проза
_aВ прил.: О Юрочке / О.Н. Гильдебрандт
464 0 _12001#$aШведские перчатки
_tШведские перчатки
464 0 _12001#$aДурная компания
_tДурная компания
464 0 _12001#$aКлуб благотворительных скелетов
_tКлуб благотворительных скелетов
464 0 _12001#$aРассказы, написанные на Кирочной ул., в доме под № 48
_tРассказы, написанные на Кирочной ул., в доме под № 48
464 0 _12001#$aНесобранная проза
_tНесобранная проза
464 0 _12001#$aО Юрочке
_1700#1$aГильдебрандт$bО.Н.
_tО Юрочке
_aГильдебрандт, О.Н.
700 1 _aЮркун
_bЮ.И.
_f1895-1938
_gЮрий Иванович
801 0 _aRU
_bNLR
_gpsbo
801 1 _aRU
_bELAR
_2rusmarc
852 _aNLR
_j95-3/5102
942 _cBOOK
980 _aNB